000 00474nab a2200145Ia 4500
003 ES-SlBCS
005 20210601125239.0
008 140529s1978 xxu||||| |||| 00| 0 eng d
041 _aeng
100 1 _aRansdell, Joseph
_9155932
245 0 2 _aA Misunderstanding of Peirce's Phenomenology
_c Joseph Ransdell
600 1 _aPeirce, Charles S.-Fenomenología
_9155933
773 0 _tPhilosophy and Phenomenological Research
_gvol. 38, 1978, págs. 550-553
_wRev1411
942 _cAR
999 _c527187
_d527187